[Event "Hessen-ch op-B"]
[Site "Floersheim"]
[Date "2016.05.07"]
[Round "5"]
[White "Schwarz, Daniel"]
[Black "Bjoerknes, Uwe"]
[Result "1/2-1/2"]
[WhiteElo "1571"]
[BlackElo "1888"]
[PlyCount "28"]
[EventDate "2016.05.05"]
[EventType "swiss"]
[EventRounds "7"]
[EventCountry "GER"]
[SourceTitle "EXT 2022"]
[Source "ChessBase"]
[SourceDate "2021.10.06"]
[SourceVersion "1"]
[SourceVersionDate "2021.10.06"]
[SourceQuality "1"]

1. e4 d6 2. d4 Nd7 3. Nc3 e5 4. Be3 c6 5. Qd2 Ngf6 6. Bd3 Be7 7. f3 a6 8. Nge2 c5 9. d5 b5 10. Ng3 Qc7 11. Nf5 Bf8 12. 0-0 c4 13. Be2 Nc5 14. Bxc5 Qxc5+ 1/2-1/2

[Event "Heusenstamm Sparkassen op-B 2nd"]
[Site "Heusenstamm"]
[Date "2015.11.28"]
[Round "4"]
[White "Lietz, Helmuth"]
[Black "Schwarz, Daniel"]
[Result "0-1"]
[WhiteElo "1594"]
[BlackElo "1529"]
[PlyCount "50"]
[EventDate "2015.11.26"]
[EventType "swiss"]
[EventRounds "7"]
[EventCountry "GER"]
[SourceTitle "EXT 2018"]
[Source "ChessBase"]
[SourceDate "2017.10.13"]
[SourceVersion "1"]
[SourceVersionDate "2017.10.13"]
[SourceQuality "1"]

1. d4 Nf6 2. c4 e6 3. Nc3 Bb4 4. Bd2 b6 5. e3 Bb7 6. Nf3 0-0 7. a3 Bxc3 8. Bxc3 d5 9. Rc1 Nbd7 10. Bd3 dxc4 11. Bxc4 Nd5 12. 0-0 Nxc3 13. Rxc3 Nf6 14. Nd2 Rc8 15. Qe2 c5 16. dxc5 Rxc5 17. Rd1 Qa8 18. f3 Rfc8 19. Nb3 Rg5 20. e4 h6 21. Qd2 Bxe4 22. fxe4 Nxe4 23. Qc2 Nxc3 24. Qxc3 Rxc4 25. Nd4 Rxc3 0-1

[Event "Hessen-ch U12"]
[Site "Bad Homburg"]
[Date "2015.04.02"]
[Round "5"]
[White "Schwarz, Daniel"]
[Black "Bethke, Richard"]
[Result "0-1"]
[WhiteElo "1478"]
[BlackElo "1655"]
[PlyCount "101"]
[EventDate "2015.03.30"]
[EventType "swiss"]
[EventRounds "9"]
[EventCountry "GER"]
[SourceTitle "EXT 2017"]
[Source "ChessBase"]
[SourceDate "2016.10.25"]
[SourceVersion "1"]
[SourceVersionDate "2016.10.25"]
[SourceQuality "1"]

1. e4 e5 2. Nf3 Nc6 3. Bc4 Bc5 4. d3 Nf6 5. Nc3 0-0 6. Bg5 Be7 7. Qd2 d6 8. h3 Be6 9. Bb3 Bxb3 10. axb3 h6 11. Be3 d5 12. exd5 Nxd5 13. 0-0 Bb4 14. Qe1 Bxc3 15. bxc3 f5 16. Bc5 Re8 17. Qd2 b6 18. Ba3 e4 19. dxe4 fxe4 20. Nd4 Nxc3 21. Qxc3 Nxd4 22. Qc4+ Ne6 23. Qxe4 Qd4 24. Qc6 Nf4 25. Rad1 Qe4 26. Qxe4 Rxe4 27. Rfe1 Rae8 28. Rxe4 Rxe4 29. Rd8+ Kh7 30. Rd2 Re2 31. Rxe2 Nxe2+ 32. Kf1 Nd4 33. Bb2 Nxc2 34. Be5 c5 35. Bb8 a6 36. Ba7 Nd4 37. Bxb6 Nxb3 38. Ke1 a5 39. Kd1 c4 40. Kc2 a4 41. Kb2 Kg6 42. Be3 Kf5 43. Ka3 Ke4 44. Kxa4 Kd3 45. Kb4 Na1 46. Kc5 c3 47. Kd6 Nb3 48. Ke6 c2 49. Kf7 Nd2 50. Kxg7 c1Q 51. Kxh6 0-1

[Event "Hessen-ch U12"]
[Site "Bad Homburg"]
[Date "2015.04.01"]
[Round "3"]
[White "Schwarz, Daniel"]
[Black "Lehmann, Tim"]
[Result "1/2-1/2"]
[WhiteElo "1478"]
[BlackElo "1536"]
[PlyCount "36"]
[EventDate "2015.03.30"]
[EventType "swiss"]
[EventRounds "9"]
[EventCountry "GER"]
[SourceTitle "EXT 2017"]
[Source "ChessBase"]
[SourceDate "2016.10.25"]
[SourceVersion "1"]
[SourceVersionDate "2016.10.25"]
[SourceQuality "1"]

1. e4 c5 2. Nf3 d6 3. d4 cxd4 4. Nxd4 Nf6 5. Nc3 a6 6. Bg5 e6 7. Bd3 Be7 8. Qd2 Nbd7 9. 0-0 0-0 10. f4 Qb6 11. Qf2 Ng4 12. Qh4 Qxd4+ 13. Kh1 Bxg5 14. Qxg4 Bf6 15. Rf3 e5 16. f5 Nb6 17. Rd1 Qb4 18. Bf1 Rd8 1/2-1/2

[Event "Karl Mala Memorial op-B 17th"]
[Site "Frankfurt"]
[Date "2014.08.01"]
[Round "3"]
[White "Muckle, Richard"]
[Black "Schwarz, Daniel"]
[Result "1-0"]
[WhiteElo "1563"]
[BlackElo "1418"]
[PlyCount "139"]
[EventDate "2014.07.31"]
[EventType "swiss"]
[EventRounds "7"]
[EventCountry "GER"]
[SourceTitle "EXT 2015"]
[Source "ChessBase"]
[SourceDate "2014.11.20"]
[SourceVersion "1"]
[SourceVersionDate "2014.11.20"]
[SourceQuality "1"]

1. d4 Nf6 2. c4 e6 3. e3 b6 4. Be2 Bb7 5. Bf3 c6 6. Nc3 d5 7. cxd5 cxd5 8. Nge2 Be7 9. 0-0 0-0 10. b3 Nc6 11. Bd2 Qd7 12. Nf4 Ba6 13. Be2 Bxe2 14. Qxe2 Rac8 15. Rfc1 Bd6 16. g3 Bxf4 17. gxf4 Ne7 18. Kh1 Ng6 19. Rg1 Qd6 20. Nb5 Qb8 21. Bb4 Rfe8 22. Nd6 Ne4 23. Nxe8 Rxe8 24. f3 Nf6 25. Rac1 h6 26. Qg2 Kh7 27. h4 h5 28. Ba3 Rg8 29. Qf2 Re8 30. Bb4 Rg8 31. Be1 Re8 32. Qd2 Qb7 33. Qc2 Ra8 34. Qc7 Qxc7 35. Rxc7 Kg8 36. Bf2 Ne8 37. Rc2 Kh8 38. Rgc1 Ne7 39. Be1 a5 40. b4 Kg8 41. bxa5 bxa5 42. Rc5 a4 43. Ra5 Rb8 44. Rxa4 g6 45. Rb4 Ra8 46. a4 Kg7 47. a5 Kf8 48. Rb6 Kg8 49. a6 Kg7 50. Ra1 Nf5 51. Bf2 Kf8 52. e4 dxe4 53. fxe4 Nfd6 54. a7 Nxe4 55. Rb8 Rxb8 56. axb8Q Nxf2+ 57. Kg2 Ne4 58. Ra8 N4f6 59. Qd6+ Kg8 60. Qe7 Kh7 61. Rxe8 Nxe8 62. Qxe8 f5 63. Qf7+ Kh8 64. Qxe6 g5 65. fxg5 f4 66. d5 f3+ 67. Kf1 f2 68. g6 Kg7 69. Qf7+ Kh6 70. Qh7# 1-0

[Event "Karl Mala Memorial op-B 17th"]
[Site "Frankfurt"]
[Date "2014.08.01"]
[Round "2"]
[White "Schwarz, Daniel"]
[Black "Friedel, Thomas"]
[Result "1-0"]
[WhiteElo "1418"]
[BlackElo "1569"]
[PlyCount "31"]
[EventDate "2014.07.31"]
[EventType "swiss"]
[EventRounds "7"]
[EventCountry "GER"]
[SourceTitle "EXT 2015"]
[Source "ChessBase"]
[SourceDate "2014.11.20"]
[SourceVersion "1"]
[SourceVersionDate "2014.11.20"]
[SourceQuality "1"]

1. e4 e5 2. Nf3 Nc6 3. Bc4 Bc5 4. b4 Bb6 5. 0-0 Nf6 6. Ba3 d6 7. d3 Bg4 8. Nbd2 0-0 9. c3 a6 10. Qb3 h6 11. h3 Bh5 12. Nh4 Nxe4 13. Nxe4 Qxh4 14. Ng3 Qxg3 15. d4 Bf3 16. fxg3 1-0

[Event "Karl Mala Memorial op-B 17th"]
[Site "Frankfurt"]
[Date "2014.07.31"]
[Round "1"]
[White "Usczeck, Malte"]
[Black "Schwarz, Daniel"]
[Result "0-1"]
[WhiteElo "1110"]
[BlackElo "1418"]
[PlyCount "54"]
[EventDate "2014.07.31"]
[EventType "swiss"]
[EventRounds "7"]
[EventCountry "GER"]
[SourceTitle "EXT 2015"]
[Source "ChessBase"]
[SourceDate "2014.11.20"]
[SourceVersion "1"]
[SourceVersionDate "2014.11.20"]
[SourceQuality "1"]

1. Nf3 Nf6 2. d4 d5 3. c4 e6 4. Nc3 Bb4 5. Qa4+ Nc6 6. Ne5 Bxc3+ 7. bxc3 Bd7 8. Nxd7 Qxd7 9. cxd5 Nxd5 10. Bd2 0-0 11. e4 Nf6 12. Bd3 Rfd8 13. 0-0 e5 14. d5 Ne7 15. Qb3 c6 16. c4 cxd5 17. cxd5 Nexd5 18. Bb5 Qd6 19. exd5 Qxd5 20. Qxd5 Rxd5 21. Be3 Rxb5 22. Rac1 Nd5 23. Bxa7 b6 24. Rc6 h6 25. a4 Rxa7 26. Rb1 Rxb1+ 27. Rc1 Rxc1# 0-1

[Event "Hofheim Spring op-C 2nd"]
[Site "Hofheim"]
[Date "2014.04.25"]
[Round "4"]
[White "Pyshny, Anton"]
[Black "Schwarz, Daniel"]
[Result "0-1"]
[WhiteElo "819"]
[BlackElo "1147"]
[PlyCount "58"]
[EventDate "2014.04.23"]
[EventType "swiss"]
[EventRounds "7"]
[EventCountry "GER"]
[SourceTitle "CBM 160 Extra"]
[Source "ChessBase"]
[SourceDate "2014.07.01"]
[SourceVersion "1"]
[SourceVersionDate "2014.07.01"]
[SourceQuality "1"]

1. e4 e5 2. Nf3 Nc6 3. Bc4 Nf6 4. Ng5 d5 5. exd5 Na5 6. Bb5+ c6 7. dxc6 bxc6 8. Be2 h6 9. Nf3 e4 10. Ne5 Bc5 11. 0-0 Qd6 12. Nc4 Nxc4 13. Bxc4 Ng4 14. g3 h5 15. Nc3 Nxf2 16. Rxf2 Bxf2+ 17. Kxf2 Qd4+ 18. Ke1 Qxc4 19. Qe2 Qxe2+ 20. Kxe2 0-0 21. Nxe4 Re8 22. d3 f5 23. Kf3 fxe4+ 24. dxe4 Bg4+ 25. Kf4 Re6 26. Bd2 Rae8 27. Re1 Rf8+ 28. Kg5 Re5+ 29. Kg6 Rf6# 0-1

[Event "Hessen-ch U12"]
[Site "Bad Homburg"]
[Date "2012.??.??"]
[Round "3"]
[White "Schwarz, Daniel"]
[Black "Huynh, Kevin"]
[Result "1-0"]
[WhiteElo "787"]
[BlackElo "739"]
[PlyCount "44"]
[EventDate "2012.04.??"]
[EventType "swiss"]
[EventRounds "9"]
[EventCountry "GER"]
[SourceTitle "EXT 2015"]
[Source "ChessBase"]
[SourceDate "2014.11.20"]
[SourceVersion "1"]
[SourceVersionDate "2014.11.20"]
[SourceQuality "1"]

1. e4 e5 2. Nf3 Nc6 3. Bc4 Nf6 4. Nc3 d6 5. d3 h6 6. h3 Nb4 7. a3 Bd7 8. axb4 c6 9. 0-0 d5 10. exd5 cxd5 11. Nxd5 Nxd5 12. Bxd5 Bb5 13. Re1 Qb6 14. c4 Bd7 15. Nxe5 f6 16. Nf7+ Be7 17. Qe2 0-0 18. Nxh6+ Kh7 19. Qe4+ g6 20. Qh4 g5 21. Qh5 Be8 22. Nf7+ Kg8 1-0